[Event "FRA-ch Blitz Online Qual"]
[Site "Europe Echecs INT"]
[Date "2020.05.16"]
[Round "15"]
[White "Barbot, Pierre"]
[Black "Sesia, Noah"]
[Result "0-1"]
[WhiteElo "2443"]
[BlackElo "1822"]
[PlyCount "96"]
[EventDate "2020.05.16"]
[EventType "swiss (blitz)"]
[EventRounds "15"]
[EventCountry "FRA"]
[SourceTitle "CBM 196 Extra"]
[Source "ChessBase"]
[SourceDate "2020.07.31"]
[SourceVersion "1"]
[SourceVersionDate "2020.07.31"]
[SourceQuality "1"]

1. e4 e6 2. d4 d5 3. Nc3 Nf6 4. Bg5 Be7 5. e5 Nfd7 6. Bxe7 Qxe7 7. f4 0-0 8. Nf3 c5 9. Bd3 h6 10. dxc5 Nxc5 11. 0-0 Nc6 12. Qd2 b6 13. Rae1 Bb7 14. f5 Nxd3 15. Qxd3 Rad8 16. Nd4 Qc5 17. Nce2 Ba6 18. Qg3 Bxe2 19. f6 g6 20. c3 Bxf1 21. Qf4 g5 22. Qe3 Bc4 23. h4 Nxd4 24. cxd4 Qb4 25. hxg5 Qxb2 26. Qf4 Qc2 27. Re3 Qg6 28. Rg3 h5 29. Rh3 Be2 30. g4 Bxg4 31. Re3 Rc8 32. Kf2 Rc2+ 33. Kg3 Rfc8 34. a4 R8c3 35. a5 Rxe3+ 36. Qxe3 Re2 37. Qc3 h4+ 38. Kxg4 Qf5+ 39. Kxh4 Rh2+ 40. Kg3 Qf2+ 41. Kg4 Qh4+ 42. Kf3 Rh3+ 43. Kg2 Rxc3 44. g6 Qg4+ 45. Kf2 Qxd4+ 46. Ke2 Qd3+ 47. Kf2 Rc2+ 48. Ke1 Qe2# 0-1

[Event "Vaujany op-B 8th"]
[Site "Vaujany"]
[Date "2017.07.20"]
[Round "8.5"]
[White "Sesia, Noah"]
[Black "David, Iris"]
[Result "1-0"]
[WhiteElo "1723"]
[BlackElo "1668"]
[PlyCount "47"]
[EventDate "2017.07.13"]
[EventType "swiss"]
[EventRounds "9"]
[EventCountry "FRA"]
[SourceTitle "EXT 2020"]
[Source "ChessBase"]
[SourceDate "2019.10.17"]
[SourceVersion "1"]
[SourceVersionDate "2019.10.17"]
[SourceQuality "1"]

1. d4 d5 2. Bg5 Nf6 3. Bxf6 exf6 4. Nf3 Bd6 5. e3 0-0 6. Be2 c6 7. c4 dxc4 8. Bxc4 b5 9. Be2 a6 10. 0-0 Bb7 11. Nc3 c5 12. Rc1 cxd4 13. exd4 Nd7 14. Qd3 Nb6 15. Ne4 Bf4 16. Rc2 Bd5 17. b3 Re8 18. Nc5 Nd7 19. Qf5 Nxc5 20. Rxc5 Rxe2 21. Rxd5 Qc7 22. Rd7 Qc8 23. Qd5 Qf8 24. Rxf7 1-0